Finance Bank Zambia Plc Retail Customers' Perceptions of Service Quality (Record no. 307631)
[ view plain ]
| 000 -LEADER | |
|---|---|
| fixed length control field | 00435nam a2200109Ia 4500 |
| 008 - FIXED-LENGTH DATA ELEMENTS--GENERAL INFORMATION | |
| fixed length control field | 170221s9999 xx 000 0 und d |
| 100 ## - MAIN ENTRY--PERSONAL NAME | |
| Personal name | Machayi J |
| 245 ## - TITLE STATEMENT | |
| Title | Finance Bank Zambia Plc Retail Customers' Perceptions of Service Quality |
| 245 ## - TITLE STATEMENT | |
| Statement of responsibility, etc | Machayi J and Ahmed EM* |
| 650 ## - SUBJECT ADDED ENTRY--TOPICAL TERM | |
| General subdivision | Business |
| 856 ## - ELECTRONIC LOCATION AND ACCESS | |
| Uniform Resource Identifier | <a href="http://www.omicsgroup.org/journals/finance-bank-zambia-plc-retail-customers-perceptions-of-service-quality-2167-0234-1000206.pdf">http://www.omicsgroup.org/journals/finance-bank-zambia-plc-retail-customers-perceptions-of-service-quality-2167-0234-1000206.pdf</a> |
| Withdrawn status | Lost status | Damaged status | Home library | Current library | Date acquired | Total Checkouts | Date last seen | Price effective from | Koha item type |
|---|---|---|---|---|---|---|---|---|---|
| College Library | College Library | 02/21/2017 | 02/21/2017 | 02/21/2017 | Foreign e-journal articles |